000 00779nam a22002777a 4500
001 BR2010004355
003 BR-BrBNA
005 20230928103544.0
007 ta
008 230509b bl.||||| |||| 00| 0 por d
040 _aBR-BrBNA
_bpor
_cBiblioteca Nacional de Agricultura
041 _a(Por)
072 _aC10
090 _ C10 BR2010004355
110 1 _aServiço Nacional de Aprendizagem Rural, Porto Alegre, RS (Brasil)
_99465
245 1 _aRelatório Anual 2009
260 3 _aPorto Alegre, RS (Brasil):
_c2009.
300 _a62 p.
500 _a59 illus.; 6 graphs.; 8 tables
650 _aFORMAÇÃO PROFISSIONAL
650 _aRECURSO HUMANO
650 _aTECNOLOGIA
650 _aPROMOÇÃO SOCIAL
909 _a202309
_bLucia
_c55
_dLucia Elande
942 _cBK
999 _c75588
_d75588